000 00206 a2200097 4500
001 7675
100 _aRoberson,R.E
245 _aGuidance and control
260 _a
_bAcademic Press
_c
090 _c6139
_d6139
942 _aNUST-CAE
_cM
_c32644
999 _c242748
_d242748